000
00285nam a22001337a 4500
008
170620b xxu||||| |||| 00| 0 eng d
020
_a
9780075572626
041
_a
eng
080
_a
93
100
_a
20
101
_a
SHH
245
_a
THE MIDDLE EAST
_c
FISHER, S.N
942
_2
udc
_c
BK
999
_c
18349
_d
18349